[Event "X Abierto Constitucion "]
[Site "San Sebastian de los Reyes "]
[Date "2008.11.30"]
[Round "1.2"]
[White "Roa Alonso, Santiago"]
[Black "Minguela Muñoz, Bienvenido"]
[Result "1-0"]
[WhiteElo "2457"]
[BlackElo "1926"]
[PlyCount "75"]
[EventDate "2008.11.30"]

1. d4 d5 2. c4 e6 3. Nf3 Nf6 4. Nc3 Bb4 5. Bg5 c6 6. Qc2 O-O 7. e3 Nbd7 8. cxd5
exd5 9. Bd3 Be7 10. O-O Re8 11. Rab1 a5 12. h3 Nf8 13. Bf4 Ng6 14. Bh2 Bd6 15.
Bxd6 Qxd6 16. a3 Qe7 17. b4 axb4 18. axb4 Ne4 19. Bxe4 dxe4 20. Nd2 Bf5 21. b5
Nh4 22. Ne2 Qd7 23. bxc6 bxc6 24. Nf4 g5 25. Nh5 Re6 26. Nc4 Qe7 27. Qb2 Rh6
28. Qb8+ Qf8 29. Qxf8+ Kxf8 30. Ng3 Bxh3 31. gxh3 Nf3+ 32. Kg2 g4 33. Rh1 Nh4+
34. Kf1 Nf3 35. Nxe4 Ra2 36. Kg2 f5 37. Ned6 Ng5 38. Rb8+ 1-0

[Event "X Abierto Constitucion "]
[Site "San Sebastian de los Reyes "]
[Date "2008.11.30"]
[Round "1.3"]
[White "Ruiz Quevedo, Andres"]
[Black "Barria Zuñiga, Daniel"]
[Result "1/2-1/2"]
[WhiteElo "1903"]
[BlackElo "2423"]
[PlyCount "114"]
[EventDate "2008.11.30"]

1. c4 e5 2. b3 Nf6 3. Bb2 Nc6 4. e3 d5 5. cxd5 Nxd5 6. a3 Bd6 7. d3 O-O 8. Nf3
Qe7 9. Nbd2 Bg4 10. Be2 Rad8 11. O-O f5 12. Qc2 Kh8 13. b4 a6 14. Rac1 Rde8 15.
h3 Bh5 16. Rfe1 Bg6 17. Qb3 Nb6 18. Nc4 e4 19. Nd4 Nxd4 20. Bxd4 Nxc4 21. Qxc4
f4 22. dxe4 f3 23. e5 Qg5 24. g3 fxe2 25. exd6 Qf5 26. Qxe2 Qxh3 27. Qf1 Qxf1+
28. Rxf1 cxd6 29. Rc7 Rf7 30. Rfc1 Kg8 31. Rxf7 Kxf7 32. Rc7+ Ke6 33. f3 Rf8
34. Kg2 Rf7 35. Rc8 Bd3 36. Rc3 Bb5 37. Kf2 Bc6 38. e4 h5 39. Ke3 Kd7 40. Rc1
g6 41. Rh1 Re7 42. Rh4 Bb5 43. g4 hxg4 44. Rxg4 Re6 45. Rg2 Bc4 46. a4 Bb3 47.
a5 Kc6 48. Rg5 d5 49. Re5 Rxe5 50. Bxe5 dxe4 51. Kxe4 Bd5+ 52. Ke3 Kb5 53. Bd6
Kc4 54. Bc5 Bc6 55. f4 Kd5 56. Bf8 Bd7 57. Bc5 Bf5 1/2-1/2

[Event "X Abierto Constitucion "]
[Site "San Sebastian de los Reyes "]
[Date "2008.11.30"]
[Round "1.4"]
[White "Candela Perez, Jose"]
[Black "Gueler Berdasco, Martin"]
[Result "1-0"]
[WhiteElo "2402"]
[BlackElo "1891"]
[PlyCount "83"]
[EventDate "2008.11.30"]

1. d4 Nf6 2. c4 c5 3. d5 b5 4. cxb5 a6 5. bxa6 g6 6. Nc3 Bxa6 7. e4 Bxf1 8.
Kxf1 d6 9. g3 Bg7 10. Kg2 O-O 11. Nge2 Qb6 12. Rb1 Nbd7 13. Qc2 Qb7 14. Rd1 Nb6
15. b3 Nfd7 16. Bb2 Ra5 17. a4 Nb8 18. Nb5 Bxb2 19. Rxb2 Na6 20. Qc3 Nb4 21.
Rbd2 Raa8 22. Nf4 Rad8 23. h4 Nd7 24. h5 g5 25. h6 Ne5 26. Nh3 g4 27. Ng5 Qd7
28. Na3 Rc8 29. Nc4 f6 30. Ne6 Rf7 31. Nb6 Qb7 32. Nxc8 Qxc8 33. Qe3 Nf3 34.
Qf4 Nxd2 35. Rxd2 Kh8 36. Qxg4 Qg8 37. Qxg8+ Kxg8 38. a5 Na6 39. b4 cxb4 40.
Rc2 Rf8 41. Nxf8 Kxf8 42. Rc6 1-0

[Event "X Abierto Constitucion "]
[Site "San Sebastian de los Reyes "]
[Date "2008.11.30"]
[Round "1.5"]
[White "Cerrato Torrijos, Maria"]
[Black "Garcia Fernandez, Carlos"]
[Result "0-1"]
[WhiteElo "1880"]
[BlackElo "2396"]
[PlyCount "142"]
[EventDate "2008.11.30"]

1. e4 e5 2. Nf3 d6 3. d4 Nd7 4. Bc4 c6 5. O-O Be7 6. Nc3 Ngf6 7. a4 O-O 8. h3
b6 9. Bg5 a6 10. Qe2 h6 11. Bh4 Bb7 12. Rfd1 Qc7 13. Bb3 b5 14. axb5 axb5 15.
dxe5 Rxa1 16. Rxa1 dxe5 17. Bg3 Re8 18. Nh4 Nc5 19. Re1 Nxb3 20. cxb3 g6 21.
Nf3 Bf8 22. Qc2 Qb8 23. Ne2 Bb4 24. Rd1 c5 25. Nc3 Bxc3 26. bxc3 Nxe4 27. Bh2
Nf6 28. Qe2 Bxf3 29. Qxf3 Qb6 30. Qe3 Qe6 31. b4 cxb4 32. cxb4 Kh7 33. Qc5 Ne4
34. Qxb5 Nc3 35. Qd3 Nxd1 36. Qxd1 Qc4 37. Qb1 f6 38. Bg3 Re7 39. f3 Rb7 40.
Be1 Qd5 41. h4 h5 42. Qc2 Rd7 43. Kh2 Qd6 44. Qb2 Qd4 45. Qa3 Qd6 46. Qa5 Qc7
47. Qa6 Rd6 48. Qa8 Qd8 49. Qb7+ Qd7 50. Qa8 Qd8 51. Qb7+ Rd7 52. Qc6 Kg7 53.
Bf2 Qc7 54. Qa4 Rd2 55. Bg3 Qb7 56. Qb3 Qd5 57. Qc3 Ra2 58. Qc7+ Qf7 59. Qc5
Qa7 60. Qc6 Ra6 61. Qd5 Qf7 62. Qc5 Qd7 63. Bf2 Qd6 64. Qc3 Ra2 65. Bg3 Qd2 66.
Qxd2 Rxd2 67. Be1 Rb2 68. Bc3 Rc2 69. Be1 Kf7 70. Kh3 f5 71. g4 Re2 0-1

[Event "X Abierto Constitucion "]
[Site "San Sebastian de los Reyes "]
[Date "2008.11.30"]
[Round "1.6"]
[White "Taboas Rodriguez, Daniel"]
[Black "Pareja Alvarez, Diego"]
[Result "1-0"]
[WhiteElo "2349"]
[BlackElo "1866"]
[PlyCount "65"]
[EventDate "2008.11.30"]

1. d4 Nf6 2. Nf3 g6 3. c4 Bg7 4. Nc3 O-O 5. e4 d6 6. Be2 Nbd7 7. O-O e5 8. Be3
c6 9. d5 c5 10. Ne1 Ne8 11. Nd3 Nb6 12. b3 f5 13. exf5 Bxf5 14. Rc1 Nf6 15. g4
Bxd3 16. Bxd3 Qe7 17. Be4 Nbd7 18. h3 a6 19. Qd3 Rae8 20. Rb1 Rb8 21. b4 b6 22.
a3 Kh8 23. Kg2 Nxe4 24. Nxe4 h6 25. Rb3 Kh7 26. Rfb1 Rfc8 27. bxc5 bxc5 28. Rb7
Rxb7 29. Rxb7 Rb8 30. Qb3 Rxb7 31. Qxb7 a5 32. Qc7 Bf8 33. Qxd7 1-0

[Event "X Abierto Constitucion "]
[Site "San Sebastian de los Reyes "]
[Date "2008.11.30"]
[Round "1.7"]
[White "Aguado Rodriguez, Guillermo"]
[Black "Morales Rivera, John Alexander"]
[Result "0-1"]
[WhiteElo "1849"]
[BlackElo "2338"]
[PlyCount "30"]
[EventDate "2008.11.30"]

1. e4 c5 2. d4 cxd4 3. c3 g6 4. cxd4 d5 5. e5 Nc6 6. Nc3 Bg7 7. Be3 Nh6 8. h3
Nf5 9. Nf3 O-O 10. Rc1 Kh8 11. Qd2 f6 12. Be2 fxe5 13. dxe5 d4 14. Nxd4 Nfxd4
15. Bxd4 Qxd4 0-1

[Event "X Abierto Constitucion "]
[Site "San Sebastian de los Reyes "]
[Date "2008.11.30"]
[Round "1.8"]
[White "Elissalt Cardenas, Hector"]
[Black "Peinador Garcia-Aranda, Dam"]
[Result "1-0"]
[WhiteElo "2314"]
[BlackElo "1825"]
[PlyCount "57"]
[EventDate "2008.11.30"]

1. d4 Nf6 2. Nf3 g6 3. Nbd2 Bg7 4. e4 d6 5. h3 Nbd7 6. g3 O-O 7. Bg2 c6 8. O-O
e5 9. dxe5 dxe5 10. a4 Qc7 11. b3 Re8 12. Bb2 b6 13. Qe2 Nc5 14. Rfd1 Ba6 15.
Qe1 Rad8 16. b4 Ncd7 17. Bf1 Bb7 18. a5 c5 19. a6 Ba8 20. b5 Re7 21. Bc4 Ne8
22. Ra3 Nd6 23. Rd3 h6 24. Nh4 Rde8 25. Nxg6 Nxc4 26. Nxe7+ Rxe7 27. Nxc4 Nf6
28. Rd8+ Re8 29. R1d7 1-0

[Event "X Abierto Constitucion "]
[Site "San Sebastian de los Reyes "]
[Date "2008.11.30"]
[Round "1.9"]
[White "Gomez Fernandez, Jesus"]
[Black "Lopez Del Alamo, Antonio"]
[Result "0-1"]
[WhiteElo "1820"]
[BlackElo "2311"]
[PlyCount "46"]
[EventDate "2008.11.30"]

1. d4 Nf6 2. c4 g6 3. Nc3 Bg7 4. e4 d6 5. f4 O-O 6. Nf3 Na6 7. Be2 e5 8. fxe5
dxe5 9. d5 Nc5 10. Qc2 Nfxe4 11. Nxe4 Bf5 12. Bd3 Bxe4 13. Bxe4 f5 14. Bxf5
Rxf5 15. O-O e4 16. Nd2 Bd4+ 17. Kh1 Qf6 18. Rxf5 Qxf5 19. Rb1 Rf8 20. h3 Nd3
21. b4 Nf2+ 22. Kh2 Be5+ 23. Kg1 Nxh3+ 0-1

[Event "X Abierto Constitucion "]
[Site "San Sebastian de los Reyes "]
[Date "2008.11.30"]
[Round "1.10"]
[White "Longa Yauca, Javier"]
[Black "Madurga Lopez, Ignacio"]
[Result "1-0"]
[WhiteElo "2310"]
[BlackElo "1819"]
[PlyCount "49"]
[EventDate "2008.11.30"]

1. d4 Nf6 2. Nf3 c5 3. d5 e6 4. c4 b5 5. Bg5 Bb7 6. e4 Qa5+ 7. Bd2 Qb6 8. Nc3
bxc4 9. Bxc4 Nxe4 10. Nxe4 exd5 11. O-O dxe4 12. Ne5 d5 13. Qa4+ Ke7 14. Ba5
Qd6 15. Qb3 Bc6 16. Nxc6+ Nxc6 17. Qb7+ Ke6 18. Bc7 Qd7 19. Bxd5+ Qxd5 20. Qxa8
g6 21. Rad1 Nd4 22. Qc8+ Ke7 23. Bd8+ Kd6 24. Bf6 Rg8 25. b4 1-0

[Event "X Abierto Constitucion "]
[Site "San Sebastian de los Reyes "]
[Date "2008.11.30"]
[Round "1.11"]
[White "Perez Gonzalez, Jesus Miguel"]
[Black "Ramirez Garcia, Jorge Alberto"]
[Result "0-1"]
[WhiteElo "1819"]
[BlackElo "2238"]
[PlyCount "88"]
[EventDate "2008.11.30"]

1. e4 e6 2. d4 d5 3. Nd2 c5 4. exd5 exd5 5. Ngf3 Nc6 6. Bb5 Bd6 7. O-O Nge7 8.
dxc5 Bxc5 9. Nb3 Bd6 10. Bg5 O-O 11. Re1 Bg4 12. Bxc6 bxc6 13. h3 Bd7 14. c3
Re8 15. Qd2 Qc7 16. Rad1 Nf5 17. Nbd4 f6 18. Nxf5 Bxf5 19. Nd4 Be4 20. Be3 Rab8
21. c4 Bb4 22. Qc1 Bxe1 23. Rxe1 Rbc8 24. b3 Qf7 25. c5 Qg6 26. f3 Bf5 27. Kh2
Re7 28. Qc3 Bd7 29. Rc1 h5 30. Bf2 Rce8 31. Rc2 Qg5 32. Qd2 Qxd2 33. Rxd2 Kf7
34. Kg3 g5 35. Rb2 f5 36. b4 f4+ 37. Kh2 Kg6 38. Rb3 Rh7 39. Ra3 g4 40. Bg1 g3+
41. Kh1 Re1 42. Rxa7 Rhe7 43. Nc2 Rc1 44. Nd4 Rxg1+ 0-1

[Event "X Abierto Constitucion "]
[Site "San Sebastian de los Reyes "]
[Date "2008.11.30"]
[Round "1.12"]
[White "Adan Bermudez, Sergio"]
[Black "Galan Aguado, Fernando"]
[Result "1-0"]
[WhiteElo "2227"]
[BlackElo "1811"]
[PlyCount "51"]
[EventDate "2008.11.30"]

1. c4 Nf6 2. g3 e6 3. Nf3 b6 4. Bg2 Bb7 5. Nc3 Be7 6. O-O Qc8 7. Re1 c5 8. e4
d6 9. d4 cxd4 10. Nxd4 O-O 11. b3 Nbd7 12. Ndb5 Qb8 13. Bf4 e5 14. Bc1 a6 15.
Na3 Rd8 16. Nc2 Nc5 17. f4 exf4 18. Bxf4 Ne6 19. Be3 Nc5 20. Nb4 Bxe4 21. Nxe4
Ncxe4 22. Nc6 Qc7 23. Nxd8 Rxd8 24. Bd4 Ng5 25. Qe2 Kf8 26. Qe3 1-0

[Event "X Abierto Constitucion "]
[Site "San Sebastian de los Reyes "]
[Date "2008.11.30"]
[Round "1.13"]
[White "Nieto Esteban, Manuel"]
[Black "Sanchez Camacho, Antonio"]
[Result "0-1"]
[WhiteElo "1811"]
[BlackElo "2205"]
[PlyCount "56"]
[EventDate "2008.11.30"]

1. d4 Nf6 2. c4 c5 3. d5 b5 4. cxb5 a6 5. e3 axb5 6. Bxb5 Qa5+ 7. Nc3 Bb7 8.
Bd2 Qb6 9. Nge2 Nxd5 10. O-O Nc7 11. Ba4 e6 12. e4 Be7 13. Ng3 O-O 14. Nh5 Kh8
15. Rb1 g6 16. Ng3 Bf6 17. Bf4 Bg7 18. Bd6 Rg8 19. h4 Ra6 20. Bf4 d5 21. Bb3 c4
22. Na4 Qa5 23. Bc2 d4 24. Bxc7 Qxc7 25. Qd2 Bc6 26. Qb4 Bxa4 27. Bxa4 Bf8 28.
Qb5 Ra5 0-1

[Event "X Abierto Constitucion "]
[Site "San Sebastian de los Reyes "]
[Date "2008.11.30"]
[Round "1.14"]
[White "Ramos Fernandez, Pedro"]
[Black "Martinez Miura, Enrique"]
[Result "0-1"]
[WhiteElo "2161"]
[BlackElo "1779"]
[PlyCount "80"]
[EventDate "2008.11.30"]

1. e4 e6 2. d4 d5 3. Nc3 Bb4 4. e5 Ne7 5. a3 Bxc3+ 6. bxc3 O-O 7. Nf3 Nd7 8.
Bd3 h6 9. h4 c5 10. g4 c4 11. Be2 b6 12. h5 Kh7 13. g5 Ng8 14. Rg1 f5 15. exf6
gxf6 16. gxh6 Rf7 17. Qd2 Qf8 18. Rg6 Ne7 19. Nh4 e5 20. Bg4 exd4 21. cxd4 Qe8
22. Qe2 Nf8 23. Bxc8 Rxc8 24. Rg3 Qd7 25. Be3 f5 26. O-O-O c3 27. Rdg1 Qa4 28.
Rg7+ Rxg7 29. Rxg7+ Kh8 30. Rxe7 Qxa3+ 31. Kd1 Qxe7 32. Ng6+ Nxg6 33. hxg6 Re8
34. Qf3 Qe4 35. Qxe4 fxe4 36. Bg5 Re6 37. g7+ Kh7 38. Kc1 Rg6 39. f4 exf3 40.
Be3 Rg2 0-1

[Event "X Abierto Constitucion "]
[Site "San Sebastian de los Reyes "]
[Date "2008.11.30"]
[Round "1.16"]
[White "Anton Veiga, Juan Carlos"]
[Black "Morona Minguez, Irene"]
[Result "1-0"]
[WhiteElo "2144"]
[BlackElo "1743"]
[PlyCount "123"]
[EventDate "2008.11.30"]

1. e4 c5 2. Nf3 e6 3. d4 cxd4 4. Nxd4 Nc6 5. Nc3 a6 6. Be2 Qc7 7. O-O Nf6 8. a3
Bd6 9. h3 O-O 10. Kh1 Re8 11. Ndb5 axb5 12. Nxb5 Qb6 13. Nxd6 Rf8 14. c3 e5 15.
b4 Qc7 16. Bg5 Ne7 17. Qd3 Ng6 18. g3 Ra6 19. Rfd1 Rxd6 20. Qxd6 Qxd6 21. Rxd6
Nxe4 22. Rxg6 fxg6 23. Bc4+ Kh8 24. Be3 Nxf2+ 25. Kg2 Ne4 26. Rc1 d6 27. Bd5
Nf6 28. Rd1 h6 29. a4 Kh7 30. b5 Rd8 31. Bb6 Re8 32. a5 Nd7 33. Bc7 Nf6 34. c4
Nxd5 35. cxd5 e4 36. Bxd6 e3 37. Bc7 e2 38. Re1 Re3 39. Kf2 Rd3 40. d6 Rb3 41.
Rxe2 Rxb5 42. h4 Rd5 43. Rb2 Rd1 44. Ke3 Kg8 45. a6 bxa6 46. Rb8 Re1+ 47. Kd4
Re8 48. Rxc8 Rxc8 49. d7 Ra8 50. d8=Q+ Rxd8+ 51. Bxd8 Kf7 52. Ke5 h5 53. Ba5
Ke7 54. Bb4+ Kf7 55. Bc3 Ke7 56. Kf4 Ke6 57. Kg5 Kf7 58. Ba5 Kf8 59. Kxg6 Kg8
60. Bc3 Kh8 61. Bxg7+ Kg8 62. Bc3 1-0

[Event "X Abierto Constitucion "]
[Site "San Sebastian de los Reyes "]
[Date "2008.11.30"]
[Round "1.17"]
[White "Perez Alvarez, Javier"]
[Black "Suarez Uriel, Adrian"]
[Result "1/2-1/2"]
[WhiteElo "1737"]
[BlackElo "2123"]
[PlyCount "69"]
[EventDate "2008.11.30"]

1. e4 c5 2. Nf3 Nc6 3. d4 cxd4 4. Nxd4 g6 5. Nc3 Bg7 6. Be3 Nf6 7. f3 O-O 8.
Qd2 d5 9. O-O-O dxe4 10. Nxc6 Qxd2+ 11. Rxd2 bxc6 12. Nxe4 Nd5 13. Bc5 Bh6 14.
c4 f5 15. cxd5 fxe4 16. Bc4 Bxd2+ 17. Kxd2 Rd8 18. Bxe7 Be6 19. Bxd8 Rxd8 20.
fxe4 cxd5 21. Bxd5 Bxd5 22. exd5 Rxd5+ 23. Kc3 Rc5+ 24. Kb3 Rb5+ 25. Kc2 Kf7
26. Rd1 Ke6 27. b3 Rc5+ 28. Kb2 Rh5 29. h3 Re5 30. Rd2 h5 31. b4 g5 32. a4 Re3
33. b5 g4 34. hxg4 hxg4 35. Ka2 1/2-1/2

[Event "X Abierto Constitucion "]
[Site "San Sebastian de los Reyes "]
[Date "2008.11.30"]
[Round "1.18"]
[White "Ramos Aldoradin, John Paul"]
[Black "Rial Rodriguez, Javier"]
[Result "1/2-1/2"]
[WhiteElo "2102"]
[BlackElo "1716"]
[PlyCount "89"]
[EventDate "2008.11.30"]

1. e4 d5 2. exd5 Nf6 3. Bb5+ Nbd7 4. Be2 Nxd5 5. d4 c6 6. c4 Nc7 7. Nf3 g6 8.
Nc3 Bg7 9. Bf4 Ne6 10. Be3 Nf6 11. h3 O-O 12. Qd2 Ne8 13. Rd1 Nd6 14. Bh6 Qc7
15. Bxg7 Nxg7 16. O-O Be6 17. b3 Rad8 18. Qb2 Nh5 19. Ng5 Nf4 20. Nxe6 Nxe6 21.
d5 Nf4 22. dxc6 Qxc6 23. Bf3 Qc8 24. Nd5 Nxd5 25. Bxd5 b6 26. Rd2 e6 27. Bf3
Nf5 28. Rfd1 Rxd2 29. Qxd2 Re8 30. g3 Kf8 31. g4 Ng7 32. Qd6+ Re7 33. Bc6 Ne8
34. Qe5 f6 35. Qe4 Rc7 36. Bxe8 Kxe8 37. g5 fxg5 38. Qe5 Kf7 39. Qxg5 Rc5 40.
Qh4 Rh5 41. Qf4+ Rf5 42. Qh4 Rh5 43. Qf4+ Rf5 44. Qd4 Qe8 45. Kf1 1/2-1/2

[Event "X Abierto Constitucion "]
[Site "San Sebastian de los Reyes "]
[Date "2008.11.30"]
[Round "1.19"]
[White "Garcia Lopez, Fernando"]
[Black "Castejon Caballero, Natalia"]
[Result "0-1"]
[WhiteElo "1675"]
[BlackElo "2084"]
[PlyCount "40"]
[EventDate "2008.11.30"]

1. e4 c5 2. Nf3 d6 3. d4 cxd4 4. Nxd4 Nf6 5. Nc3 g6 6. f3 Bg7 7. Be3 O-O 8. Qd2
Nc6 9. Nxc6 bxc6 10. Bh6 Rb8 11. O-O-O Qb6 12. Na4 Bxh6 13. Qxh6 Qb4 14. b3
Qa3+ 15. Nb2 Qxa2 16. Nd3 Be6 17. Re1 Bxb3 18. cxb3 Rxb3 19. Kd1 Rb1+ 20. Nc1
Qb3+ 0-1

[Event "X Abierto Constitucion "]
[Site "San Sebastian de los Reyes "]
[Date "2008.11.30"]
[Round "1.20"]
[White "Vazquez Gonzalez, Jesus"]
[Black "Rodenas Riesco, Alfonso"]
[Result "0-1"]
[WhiteElo "2071"]
[BlackElo "1627"]
[PlyCount "88"]
[EventDate "2008.11.30"]

1. e4 e6 2. d3 d5 3. Nd2 Nc6 4. Ngf3 dxe4 5. dxe4 Bd6 6. g3 Nf6 7. Bg2 O-O 8.
O-O Ne5 9. Nxe5 Bxe5 10. Nc4 Nd7 11. f4 Bf6 12. c3 Rb8 13. Be3 b6 14. Rf2 Be7
15. Rd2 Qe8 16. b4 Nf6 17. Bf2 Bb7 18. e5 Bxg2 19. exf6 Bxf6 20. Kxg2 Qc6+ 21.
Qf3 Qxc4 22. Bd4 Rbd8 23. Rad1 Bxd4 24. Rxd4 Rxd4 25. Rxd4 Qxa2+ 26. Kh3 Qa6
27. c4 Qc8 28. g4 h5 29. Kh4 hxg4 30. Qxg4 c5 31. Rd3 cxb4 32. Rg3 Qd8+ 33. Kh3
g6 34. Kg2 Kg7 35. h4 Rh8 36. h5 Qd2+ 37. Kg1 Kf8 38. hxg6 Qe1+ 39. Kg2 Qh1+
40. Kf2 Rh2+ 41. Ke3 Qe1+ 42. Kd4 Rd2+ 43. Rd3 Qf2+ 44. Ke5 Rxd3 0-1

[Event "X Abierto Constitucion "]
[Site "San Sebastian de los Reyes "]
[Date "2008.11.30"]
[Round "1.21"]
[White "Fernandez Gil, Ruben Carlos"]
[Black "Vukotic Jovsic, Dragan"]
[Result "1/2-1/2"]
[WhiteElo "1574"]
[BlackElo "2066"]
[PlyCount "69"]
[EventDate "2008.11.30"]

1. e4 e6 2. d3 d5 3. Nd2 c5 4. Ngf3 Nc6 5. g3 g6 6. Bg2 Bg7 7. O-O Nge7 8. c3
O-O 9. Re1 b5 10. e5 Rb8 11. a3 a5 12. Nb3 Qb6 13. Be3 d4 14. cxd4 Nxd4 15.
Nfxd4 cxd4 16. Bxd4 Qd8 17. Bc3 b4 18. axb4 axb4 19. Bd4 Bb7 20. Bxb7 Rxb7 21.
Qf3 Rd7 22. Qf4 Re8 23. Rad1 Nc6 24. Re4 Nxd4 25. Rxd4 Rxd4 26. Nxd4 Qd5 27.
Nf3 Rc8 28. d4 Rc2 29. Rd2 Bh6 30. Qxh6 Qxf3 31. Rxc2 Qd1+ 32. Kg2 Qxc2 33. Qh4
Qxb2 34. Qd8+ Kg7 35. Qf6+ 1/2-1/2

[Event "X Abierto Constitucion "]
[Site "San Sebastian de los Reyes "]
[Date "2008.11.30"]
[Round "1.22"]
[White "Esquivias Gomez, Fco. Javier"]
[Black "Jimenez Vera, Ruben"]
[Result "1-0"]
[WhiteElo "2048"]
[BlackElo "1551"]
[PlyCount "57"]
[EventDate "2008.11.30"]

1. Nf3 e6 2. c4 c5 3. Nc3 Nc6 4. g3 Nf6 5. Bg2 Be7 6. O-O O-O 7. d4 d5 8. cxd5
Nxd5 9. e4 Nf6 10. d5 exd5 11. exd5 Nb4 12. Ne5 Bd6 13. Nc4 Bf5 14. Nxd6 Qxd6
15. Bf4 Qd7 16. Bg5 Bd3 17. Re1 c4 18. Bxf6 gxf6 19. Rc1 Qf5 20. a3 Nc2 21. Be4
Rfe8 22. Rxc2 Bxe4 23. Rce2 Bf3 24. Rxe8+ Kg7 25. Rxa8 Bxd1 26. Rxd1 Qc2 27. d6
Qxb2 28. d7 Qxc3 29. d8=Q 1-0

[Event "X Abierto Constitucion "]
[Site "San Sebastian de los Reyes "]
[Date "2008.11.30"]
[Round "1.23"]
[White "Cruz Martin, Francisco"]
[Black "Rodrigo Yanguas, Maria"]
[Result "0-1"]
[WhiteElo "1547"]
[BlackElo "2037"]
[PlyCount "58"]
[EventDate "2008.11.30"]

1. d4 d5 2. e3 Nf6 3. f4 Bf5 4. Nf3 e6 5. Be2 c5 6. O-O Nc6 7. c3 Qb6 8. Nh4
Bg6 9. Kh1 Bd6 10. Nd2 O-O-O 11. a4 Qc7 12. Nxg6 hxg6 13. Nf3 Ne4 14. Qe1 cxd4
15. cxd4 Nb4 16. Bd2 Nc2 17. Rc1 Nxe1 18. Rxc7+ Kxc7 19. Bxe1 Kd7 20. Bd3 Rc8
21. Bxe4 dxe4 22. Ng5 f5 23. Bc3 Ke7 24. g3 Rc4 25. a5 Rhc8 26. h4 Bb4 27. Rb1
Bxc3 28. bxc3 R8c7 29. Nh3 Rxc3 0-1

[Event "X Abierto Constitucion "]
[Site "San Sebastian de los Reyes "]
[Date "2008.11.30"]
[Round "1.24"]
[White "De Dios Alija, Rafael"]
[Black "Takvor Mena, Samuel"]
[Result "1-0"]
[WhiteElo "2030"]
[BlackElo "1538"]
[PlyCount "73"]
[EventDate "2008.11.30"]

1. e4 e5 2. d4 exd4 3. Nf3 Nc6 4. Nxd4 d6 5. Nxc6 bxc6 6. c4 Nf6 7. Nc3 Be7 8.
Be2 O-O 9. O-O Bb7 10. Bf3 c5 11. Qc2 Re8 12. Bf4 Rb8 13. Rad1 Qd7 14. h3 Rbd8
15. Rfe1 h6 16. Bg3 Bf8 17. a3 Ba6 18. e5 Nh7 19. b3 Ng5 20. Bg4 Qc6 21. f4 Ne6
22. Bxe6 Rxe6 23. f5 Ree8 24. e6 f6 25. Nd5 Be7 26. Qe2 Qb7 27. Rd3 Rb8 28. Qh5
c6 29. Nxe7+ Qxe7 30. Bxd6 Qd8 31. Qf7+ Kh7 32. e7 Qd7 33. Qg6+ Kg8 34. Bxb8
Qc8 35. Rd8 Rxd8 36. exd8=Q+ Qxd8 37. Re8+ 1-0

[Event "X Abierto Constitucion "]
[Site "San Sebastian de los Reyes "]
[Date "2008.11.30"]
[Round "1.25"]
[White "Rial Rodriguez, Eduardo"]
[Black "Muñoz Sanchez, Daniel"]
[Result "0-1"]
[WhiteElo "1415"]
[BlackElo "2013"]
[PlyCount "68"]
[EventDate "2008.11.30"]

1. e4 Nf6 2. e5 Nd5 3. c4 Nb6 4. Nc3 d6 5. Nf3 Bg4 6. Be2 Nc6 7. exd6 exd6 8.
d3 Be7 9. O-O O-O 10. Bf4 d5 11. cxd5 Nb4 12. Qb3 a5 13. a4 N4xd5 14. Nxd5 Qxd5
15. Qc2 c6 16. Be3 Nd7 17. Rfe1 Bd6 18. Qc3 Bb4 19. Qd4 Qxd4 20. Nxd4 Bxe1 21.
Bxg4 Ne5 22. Rxe1 Nxg4 23. Bd2 Rfe8 24. Rc1 Rad8 25. Nf3 Rxd3 26. Bxa5 Re2 27.
Bb6 Rxb2 28. a5 Rdb3 29. Nd4 Rd3 30. Re1 Nf6 31. h3 Rxb6 32. axb6 Rxd4 33. Re7
Rd7 34. Re3 Kf8 0-1

[Event "X Abierto Constitucion "]
[Site "San Sebastian de los Reyes "]
[Date "2008.12.01"]
[Round "2.1"]
[White "Castejon Caballero, Natalia"]
[Black "Roa Alonso, Santiago"]
[Result "0-1"]
[WhiteElo "2084"]
[BlackElo "2457"]
[PlyCount "84"]
[EventDate "2008.11.30"]

1. e4 c5 2. c3 Nf6 3. e5 Nd5 4. d4 cxd4 5. Nf3 Nc6 6. cxd4 d6 7. Bc4 e6 8. O-O
dxe5 9. dxe5 Be7 10. Qe2 Nb6 11. Rd1 Qc7 12. Bb3 Nd7 13. Bf4 Nc5 14. Bc2 Nb4
15. Qb5+ Nd7 16. Be4 a6 17. Qe2 Nc5 18. Nc3 Bd7 19. Rac1 Bc6 20. Bxc6+ Nxc6 21.
Ne4 Nxe4 22. Qxe4 O-O 23. Nd4 Rac8 24. Nxc6 bxc6 25. Rc3 Qb6 26. Rh3 g6 27. Be3
Rfd8 28. Rb1 Qxb2 29. g3 Qxa2 30. Rc1 Rd5 31. Qf4 Bf8 32. Qh4 h5 33. Qg5 Qe2
34. Rh4 Rcd8 35. Rf4 Rd1+ 36. Rxd1 Rxd1+ 37. Kg2 Qf1+ 38. Kf3 Qh1+ 39. Ke2 Rd7
40. Bd2 Qd5 41. Rf6 Qd3+ 42. Ke1 Bb4 0-1

[Event "X Abierto Constitucion "]
[Site "San Sebastian de los Reyes "]
[Date "2008.12.01"]
[Round "2.2"]
[White "Muñoz Sanchez, Daniel"]
[Black "Candela Perez, Jose"]
[Result "0-1"]
[WhiteElo "2013"]
[BlackElo "2402"]
[PlyCount "122"]
[EventDate "2008.11.30"]

1. e4 c5 2. Nc3 d6 3. f4 g6 4. Nf3 Bg7 5. Bb5+ Bd7 6. O-O Nc6 7. Bxc6 Bxc6 8.
d3 Nf6 9. Qe1 O-O 10. Qh4 e6 11. f5 exf5 12. Bg5 h6 13. Bxh6 Ng4 14. Bxg7 Qxh4
15. Nxh4 Kxg7 16. exf5 Rh8 17. f6+ Nxf6 18. Nf3 Rh5 19. Ne2 Rah8 20. h3 Re8 21.
Ng3 Rhh8 22. Rf2 Re3 23. Re1 Rhe8 24. Rxe3 Rxe3 25. Re2 Rxe2 26. Nxe2 Bxf3 27.
gxf3 Nd5 28. Kf2 Nb4 29. Nc3 Kf6 30. Nb5 Ke5 31. Kg3 Nxc2 32. f4+ Ke6 33. Kf3
a6 34. Nc7+ Kf5 35. Ne8 Nd4+ 36. Ke3 Ke6 37. Nc7+ Kd7 38. Nd5 Nf5+ 39. Ke4 Kc6
40. Nf6 b5 41. Ng4 Kd7 42. Kf3 Ke6 43. Nf2 d5 44. Ng4 Nd4+ 45. Ke3 Nc2+ 46. Kd2
Nb4 47. a3 Nc6 48. Ne3 d4 49. Nf1 Kf5 50. Ng3+ Kxf4 51. Ne4 c4 52. Nd6 Ne5 53.
a4 Nxd3 54. axb5 axb5 55. Nxb5 Ke4 56. Nd6+ Kd5 57. Nxc4 Kxc4 58. b3+ Kd5 59.
Kxd3 f5 60. Kd2 f4 61. Ke2 Kc5 0-1

[Event "X Abierto Constitucion "]
[Site "San Sebastian de los Reyes "]
[Date "2008.12.01"]
[Round "2.3"]
[White "Garcia Fernandez, Carlos"]
[Black "Castejon Caballero, Andres"]
[Result "1/2-1/2"]
[WhiteElo "2396"]
[BlackElo "2003"]
[PlyCount "127"]
[EventDate "2008.11.30"]

1. e4 e5 2. Nf3 Qe7 3. Bc4 h6 4. O-O d6 5. d4 c6 6. b3 Bg4 7. dxe5 dxe5 8. a4
Qf6 9. Nbd2 Bb4 10. Be2 Ne7 11. Bb2 Bxf3 12. Bxf3 Ng6 13. Nc4 O-O 14. Bh5 Rd8
15. Qg4 b5 16. axb5 cxb5 17. Ne3 Ne7 18. Qe2 Qg5 19. g3 Nbc6 20. h4 Qf6 21.
Qxb5 g6 22. Bd1 Rab8 23. Qc4 Na5 24. Rxa5 Bxa5 25. Ng4 Qe6 {(=)} 26. Qxe6 fxe6
27. Bxe5 Rbc8 28. Nxh6+ Kf8 29. Bg4 Rxc2 30. Bxe6 Nc6 31. Ba1 Bb6 32. Ng4 Rdd2
33. Kg2 Nb4 34. Bc4 a5 35. Bf6 a4 36. Bg5 a3 37. Bxd2 Rxd2 38. Ne5 Rxf2+ 39.
Rxf2+ Bxf2 40. Nd3 a2 41. Nxb4 a1=Q 42. Kxf2 Qd4+ 43. Kf3 Qd1+ 44. Be2 Qh1+ 45.
Kf2 Qxe4 46. Nd3 Qd4+ 47. Kf3 Qd5+ 48. Kf2 Qxb3 49. Nf4 Qb6+ 50. Kg2 Kg7 51.
Bd3 Qb7+ 52. Kh2 Qb2+ 53. Kh3 Qc1 54. Bxg6 Qh1+ 55. Kg4 Qd1+ 56. Kg5 Qe1 57.
Nh5+ Kg8 58. Nf6+ Kg7 59. Nh5+ Kf8 60. Kf6 Qf2+ 61. Nf4 Qxg3 62. Ne6+ Kg8 63.
h5 Qh4+ 64. Ke5 1/2-1/2

[Event "X Abierto Constitucion "]
[Site "San Sebastian de los Reyes "]
[Date "2008.12.01"]
[Round "2.4"]
[White "Sanchez-Alarcos Galian, Victor"]
[Black "Taboas Rodriguez, Daniel"]
[Result "0-1"]
[WhiteElo "2011"]
[BlackElo "2349"]
[PlyCount "42"]
[EventDate "2008.11.30"]

1. e4 e6 2. d4 d5 3. Nc3 Nf6 4. e5 Nfd7 5. f4 c5 6. Nf3 Nc6 7. Be3 a6 8. Qd2 b5
9. dxc5 Bxc5 10. O-O-O O-O 11. h4 Qa5 12. Kb1 Bb4 13. Nd4 Bxc3 14. bxc3 Bb7 15.
Rh3 Rfc8 16. Rg3 Qa3 17. f5 Nc5 18. fxe6 Na4 19. Rxg7+ Kh8 20. Rxh7+ Kxh7 21.
Bd3+ Kh8 0-1